|
|
|
|
| LEADER |
00000nam0a2200000 4500 |
| 001 |
263598 |
| 005 |
20231101233744.0 |
| 035 |
|
|
|a (RuTPU)RU\TPU\book\286586
|
| 090 |
|
|
|a 263598
|
| 100 |
|
|
|a 20140610d1986 m y0rusy50 ca
|
| 101 |
0 |
|
|a rus
|
| 102 |
|
|
|a RU
|
| 105 |
|
|
|a a j 001zy
|
| 200 |
1 |
|
|a Безопасность реакторов ВВР. Авария с потерей теплоносителя
|e учебное пособие
|f О. Б. Самойлов, С. В. Зуйков, В. А. Чирков
|g Горьковский политехнический институт имени А. А. Жданова (ГПИ)
|
| 210 |
|
|
|a Горький
|c Изд-во ГПИ
|d 1986
|
| 215 |
|
|
|a 85 с.
|c ил.
|
| 320 |
|
|
|a Библиогр.: с. 85.
|
| 606 |
1 |
|
|a Реакторы на тепловых нейтронах
|2 stltpush
|3 (RuTPU)RU\TPU\subj\24097
|9 48536
|
| 610 |
1 |
|
|a ВВЭР
|
| 610 |
1 |
|
|a разгерметизация
|
| 610 |
1 |
|
|a ТВЭЛы
|
| 610 |
1 |
|
|a предельно допустимая температура
|
| 610 |
1 |
|
|a переходные процессы
|
| 610 |
1 |
|
|a внутрикорпусные устройства
|
| 610 |
1 |
|
|a гидродинамические воздействия
|
| 610 |
1 |
|
|a АЭС
|
| 610 |
1 |
|
|a безопасность
|
| 610 |
1 |
|
|a аварии
|
| 610 |
1 |
|
|a учебные пособия
|
| 675 |
|
|
|a 621.039.524(075.8)
|v 3
|
| 700 |
|
1 |
|a Самойлов
|b О. Б.
|g Олег Борисович
|
| 701 |
|
1 |
|a Зуйков
|b С. В.
|g Сергей Владимирович
|
| 701 |
|
1 |
|a Чирков
|b В. А.
|g Владимир Анатольевич
|
| 712 |
0 |
2 |
|a Горьковский политехнический институт имени А. А. Жданова (ГПИ)
|c (1950-1990)
|2 stltpush
|3 (RuTPU)RU\TPU\col\2321
|
| 801 |
|
1 |
|a RU
|b 63413507
|c 20140610
|
| 801 |
|
2 |
|a RU
|b 63413507
|c 20200205
|g RCR
|
| 942 |
|
|
|c BK
|